| 000 | 00760nam a2200265Ia 4500 | ||
|---|---|---|---|
| 003 | OSt | ||
| 005 | 20221005030247.0 | ||
| 006 | a|||||r|||| 00| 0 | ||
| 007 | ta | ||
| 008 | 221004b |||||||| |||| 00| 0 eng d | ||
| 020 | _a0521377706 | ||
| 024 | _a22105 | ||
| 037 | _cTextual | ||
| 040 |
_aCRL _cCRL _beng |
||
| 041 |
_2eng _aeng |
||
| 082 | _aSM95xM56, N1 | ||
| 100 |
_aWeber Samuel _9247753 |
||
| 245 | 0 |
_aReturn to Freud _b Jacques Lacan's dislocation of psychoanalysis tr by Michael Levine |
|
| 260 |
_aCambridge _bCambridge University Press Gr. Britain _c1991 |
||
| 300 |
_a184p. _ccm. |
||
| 650 | _a PSYCHOLOGY | ||
| 650 | _aPSYCHOANALYSIS | ||
| 942 |
_hSM95xM56, N1 _cTEXL _2cc |
||
| 999 |
_c935919 _d935919 |
||